000 01106nam a2200301 i 4500
001 6855
003 ES-MaACL
005 20240203131249.0
007 t|
008 900606s1973 sp a |||| | spa d
020 _a84-369-0314-5
080 _a025.85
080 _a930.251
100 1 _aKraemer Koeller, Gustav.
_968698
245 1 0 _aTratado de la previsión del papel y de la conservación de bibliotecas y archivos /
_cpor Gustavo Kraemer Koeller.
250 _a2ª ed.
260 _aMadrid :
_bDirección General de Archivos y Bibliotecas,
_c1973.
300 _a2 v. :
_bil. ;
_c24 cm.
650 1 4 _aPapel-
_xPreservación.
_9161065
650 1 4 _aBibliotecas-
_xMedidas de seguridad.
_9161067
650 1 4 _aMateriales de archivo-
_xPreservación.
_9161066
710 1 _aEspaña.
_bDirección General de Archivos y Bibliotecas.
_93701
852 _aES-MaACL
_jL-14058-59
_z. - rust.
852 _aES-MaACL
_jA-15019
_97053
_cDEPO1
_dOlim: 025.85 KRA tra
_pVol.1
852 _aES-MaACL
_jA-15020
_cDEPO1
_dOlim: 025,85 KRA tra
_pVol.2
_9201186
942 _2udc
999 _c6855
_d6855